عرض عادي
عرض مارك
- Anatomy.
مدخل مصطلح موضوعي
001 - رقم الضبط
- حقل الضبط: 57319
003 - معرف رقم الضبط
- حقل الضبط: OSt
005 - تاريخ ووقت أخر عملية
- حقل الضبط: 20170112101727.0
008 - عناصر بيانات ثابتة الطول
- حقل تحكم ثابت الطول: 170112|| aca||aabn | a|a d
040 ## - مصدر الفهرسة
- هيئة الفهرسة الأصلية: OSt
- وكالة الكتابة: OSt
150 ## - مدخل-- مصطلح تاريخي
- عنصر مدخل المصطلح الموضوعي او الاسم الجغرافي: Anatomy.
670 ## - بيانات المصدر موجوده
- الاستشهاد بالمصدر: Work cat.: (OSt)30124: Stenhouse, Louise. 36088, Crash Course Anatomy, 2012.
